Chimie - Nomenclature ion - Statistiques

Statistiques générales
  • Ce quiz a été pris 688 fois
  • Le résultat moyen est 14 sur 35
Statistiques - réponses
Hint Réponse % Correct
Cl- chlorure
89%
Br- bromure
82%
I- iodure
80%
F- fluorure
79%
NH4+ ammonium
70%
OH- hydroxyde
68%
SO4 -2 sulfate
64%
NO3- nitrate
62%
CO3 -2 Carbonate
56%
PO4 -3 phosphate
56%
NO2- nitrite
54%
SO3 -2 sulfite
51%
MnO4- permanganate
50%
PO3 -3 phosphite
44%
CrO4 -2 Chromate
43%
CN- cyanure
37%
ClO3- chlorate
35%
HCO3- hydrogenocarbonate
35%
ClO2- chlorite
32%
H3O+ hydronium
32%
Cr2O7 -2 dichromate
29%
H- hydrure
28%
HPO4 -2 hydrogenophosphate
26%
ClO- hypochlorite
25%
ClO4- perchlorate
25%
CH3COO- acétate
24%
BO3 -3 Borate
19%
S2O3 -2 thiosulfate
19%
SiO4 -4 silicate
15%
N -3 Nitrure
14%
SCN- thiocyanate
14%
C2O4 -2 oxalate
12%
HS- hydrogenosulfure
11%
O2 -2 peroxyde
9%
S4O6 -2 tétrathionate
6%
Aucun quiz correspondant
Distribution des résultats
% des personnes avec chaque résultat
Percentile par nombre de réponses
Votre historique - résultats
Vous n’avez pas pris ce quiz